000 00474nam a2200133 a 4500
008 120416s0000 ||||||||||||||||| || u
020 _a0908311958
050 _aRA 784 Jac
100 _aJackson, Tilly
245 1 0 _aIts not what you are eating, its what`s eating you
260 _aHarare
_bBaobab Books
_c1997
350 _a0.00
995 _D0.00
_FCBU-MAIN LIBRARY (Kitwe)
_H1
_I11.95
_UDAMAGED
_ZMain Library Open Access Collection
999 _c48420
_d48420